LEADER 00945nam a2200241 i 4500 001 000000358475 003 CaOOAMICUS 005 20240524100857.0 008 240524s19uu it u000 u ita u 040 $aSeMil$bita 100 1 $aMiceli, Giovanni.$0(OLS)http://semarc/name/25868 245 12$aL'India antica /$cGiovanni Miceli. 260 $aMilano :$bSocietà editrice Sonzogno,$c[19-?] 300 $a59 p. ;$c16 cm. 490 0 $aBiblioteca del popolo 500 $aIl nome dell'Autore a p. 59 650 4$aIndia - Storia.$0(OLS)http://semarc/subject/28025 830 0$aBiblioteca del popolo ;$v358.$0(OLS)http://semarc/title/24063 850 $aSeMil 852 $aSeMil$W1$xVenegono$y1$m5C VI 1/4$j248456$B249582$CSeMilBibl$Z2$F249582 $81 996 $6245$aL'India antica$9(OLS)http://semarc/title/448836 996 $6260$aMilano :$bSocietà editrice Sonzogno$9(OLS)http://semarc/publisher/56523 LEADER 01123nam a2200253 i 4500 001 000000059119 003 CaOOAMICUS 005 20121004000000.0 008 121004s1981 it u000 u ita u 013 $a30291 040 $aSeMil$bita 100 1 $aFumagalli Carulli, Ombretta <1944- >.$0(OLS)http://semarc/name/16090 245 10$aIntelletto e volontà nel consenso matrimoniale in diritto canonico /$cOmbretta Fumagalli Carulli. 250 $a2. ed. 260 $aMilano :$bVita e Pensiero,$c1981 (copyr. 1974) 300 $aXXXII, 482 p. ;$c23 cm. 490 0 $aScienze giuridiche ;$v1 500 $aContiene : Saggio bibliografico sul matrimonio canonico. 650 4$aMatrimonio - Diritto canonico.$0(OLS)http://semarc/subject/1701 830 0$aScienze giuridiche ;$v1.$0(OLS)http://semarc/title/10359 850 $aSeMil 852 $aSeMil$W1$xVenegono$y1$m2J III 166$j25272$B25272$CSeMilBibl$Z2$F25275 $81 996 $6245$aIntelletto e volontà nel consenso matrimoniale in diritto canonico$9(OLS)http://semarc/title/92324 996 $6260$aMilano :$bVita e Pensiero$9(OLS)http://semarc/publisher/29642